Para leer una eclesiología elemental. Del aula a la comunidad de fé
Guardat en:
| Autors principals: | , |
|---|---|
| Format: | Llibre |
| Idioma: | espanyol |
| Publicat: |
Pamplona; España
Verbo Divino
1986
|
| Col·lecció: | Para Leer
|
| Matèries: | |
| Etiquetes: |
Afegir etiqueta
Sense etiquetes, Sigues el primer a etiquetar aquest registre!
|
MARC
| LEADER | 00000nam a2200000 a 4500 | ||
|---|---|---|---|
| 001 | UCW8435 | ||
| 003 | CL-VaPUC | ||
| 005 | 20210303001711.0 | ||
| 008 | 880907e19860000SP |||||||||||||||||spa|d | ||
| 999 | |c 220810 |d 220808 | ||
| 040 | |c Pontificia Universidad Católica de Valparaíso | ||
| 082 | 0 | 4 | |a 262 CAL 1986 |2 21 |
| 100 | 0 | |a Calvo Cortés, Angel |e author |9 313610 | |
| 245 | 1 | 0 | |a Para leer una eclesiología elemental. |b Del aula a la comunidad de fé |
| 260 | |a Pamplona; España |b Verbo Divino |c 1986 | ||
| 300 | |a 185 páginas | ||
| 490 | 0 | |a Para Leer | |
| 583 | |a last modification |c 20120606 11:27:42 |k Rodrigo Vera | ||
| 650 | 0 | |a Iglesia |9 255004 | |
| 650 | 0 | |a Eclesiología |9 366152 | |
| 650 | 0 | |a Sacramentos |9 257270 | |
| 650 | 0 | |a Teología cristiana |9 308336 | |
| 700 | 0 | |a Ruiz Díaz, Alberto |e author |9 313611 | |
| 852 | |a BIBCUR | ||
| 942 | |c BK |2 ddc | ||
| 945 | |d 19880907 00:00:00 | ||
| 952 | |0 0 |1 0 |4 0 |6 262_000000000000000_CAL_1986 |7 0 |8 A |9 213506 |a BIBTEO |b BIBTEO |d 2019-11-15 |i 2818418 |o 262 CAL 1986 |p 2818418 |r 2025-01-17 |w 2019-11-15 |y BK |k ICR | ||
| 952 | |0 0 |1 0 |4 0 |6 262_000000000000000_CAL_1986 |7 0 |8 A |9 213507 |a BIBTEO |b BIBTEO |d 2019-11-15 |i 2818426 |o 262 CAL 1986 |p 2818426 |r 2025-01-17 |w 2019-11-15 |y BK |k ICR | ||
| 952 | |0 0 |1 0 |4 0 |6 262_000000000000000_CAL_1986 |7 0 |8 A |9 213508 |a BIBTEO |b BIBTEO |d 2019-11-15 |i 2818434 |o 262 CAL 1986 |p 2818434 |r 2025-01-17 |w 2019-11-15 |y BK |k ICR | ||
| 952 | |0 0 |1 0 |3 erb |4 0 |6 262_000000000000000_CAL_1986 |7 0 |8 A |9 493946 |a BIBTEO |b BIBTEO |d 2019-08-13 |e 8 |g 13054.00 |i 5559391 |o 262 CAL 1986 |p 5559391 |r 2025-01-17 |v 13054.00 |w 2019-11-24 |y BK |z Catalogado en:20190814 |k ICR | ||